000 00523nam a2200193Ia 4500
005 20250326141045.0
008 250326s9999 xx 000 0 und d
037 _aTextbook
040 _aFMSL
_beng
_cFMSL
041 _aeng
_2eng
084 _aX:71 N8
_qFMSL
100 _aAaker D A
_9317126
245 0 _aDeveloping business strategies
_cAaker D A
250 _aEd 5
260 _aNew York
_bNew York, Johan Wiley and Sons.
_c1998
300 _a344p
942 _cTB
_hX:71 N8
999 _c1288507
_d1288507